000 00220nam a22001097a 4500
082 _a823
_bCOL/B
100 _aCOLLINS, POPPY
245 _aBLUEBELL
246 _aBLUEBELL
_bBLUEBELL
650 _aENGLISH STORY
942 _cBK
999 _c8887
_d8887